| 000 | 00567nam a22001817a 4500 | ||
|---|---|---|---|
| 005 | 20240408151410.0 | ||
| 010 | _aB-758622 | ||
| 020 |
_a8190164201 _c0.00 |
||
| 035 | _aB-758622 | ||
| 037 | _bGift/Unesco | ||
| 082 | _a954 | ||
| 100 |
_aAgrawal, K.C. _964390 |
||
| 245 |
_aShaping India of our dreams / _cK.C. Agrawal |
||
| 260 |
_aNew Delhi _bCrusade-India Towards A New Dawn Knowledge Books Lnc. _c2004 |
||
| 270 |
_aP.O.Box - 536, Sector - 37, Post Office _bNoida _e20303 |
||
| 300 |
_axiii, 402p,: _c21cm (pbk) |
||
| 942 |
_2ddc _cEN _h954 _mAGR |
||
| 999 |
_c201970 _d201970 |
||